[Event "V Sunway Sitges Open 2018"]
[Site "Sitges"]
[Date "2018.12.18"]
[Round "5"]
[White "Garriga Cazorla, Pere"]
[Black "Santos Latasa, Jaime"]
[Result "0-1"]
[WhiteElo "2448"]
[BlackElo "2584"]
[Annotator "TA"]
[PlyCount "76"]
[EventDate "2018.12.14"]
[EventType "swiss"]
[EventCountry "ESP"]
[SourceTitle "playchess.com"]
[Source "ChessBase"]
[SourceQuality "1"]

{[%evp 29,76,-31,-34,-61,-35,-82,-59,-112,-98,-157,-88,-172,-165,-170,-171,-170,-170,-178,-178,-178,-178,-171,-171,-176,-161,-159,-165,-164,-170,-160,-166,-164,-166,-161,-127,-127,-114,-138,-124,-339,-335,-318,-307,-683,-680,-652,-403,-647,-621]} 1. d4 Nf6 2. c4 e6 3. Nf3 d5 4. Nc3 Bb4 5. cxd5 exd5 6. Bg5 h6 7. Bxf6 Qxf6 8. Qa4+ Nc6 {[%cal Bb8c6,Bc6e7,Be7f5][%mdl 32]} 9. e3 O-O 10. Be2 Be6 11. O-O a6 12. Rfc1 Bd6 13. Qd1 Ne7 14. a3 {D38: Queen's Gambit Declined: Ragozin Defence (4 Nf3 Bb4)} (14. Na4 b6 15. a3 g5 16. g3 Qg7 17. Bf1 f5 18. Qe1 Kh8 19. b4 Ng6 20. Rc6 g4 21. Nd2 Qd7 {½-½ (52) Wang,H (2734)-Leko,P (2712) Danzhou 2016}) 14... g5 15. g3 Qg7 {[#] LiveBook: 3 Games} 16. Ne1 $146 {Black is slightly better.} ({Predecessor:} 16. e4 dxe4 17. Nxe4 Bd5 18. Nxd6 cxd6 19. Bc4 Bc6 20. Bf1 {½-½ (42) Kunin,V (2579)-Gonzalez Vidal,Y (2550) Havana 2015}) 16... f5 {[%cal Bf7f5,Bf5f4][%mdl 32]} 17. Nd3 f4 18. Bg4 (18. Bh5 $15) 18... Nf5 $17 19. Qd2 (19. Bxf5 $142 Rxf5 20. Qe2) 19... Rae8 (19... fxe3 $142 20. fxe3 Nxd4 21. Bxe6+ Nxe6 22. Nxd5 Nd4 $1 {[%mdl 512]} 23. exd4 Qxd4+ {[%mdl 64] Double Attack} 24. Ne3 Rf3) 20. Re1 (20. Bxf5 $17 Rxf5 21. Re1) 20... fxe3 $19 ({Don't take} 20... fxg3 21. hxg3 Nxd4 22. Bxe6+ Nxe6 23. Nxd5 $17) 21. fxe3 Nxd4 22. Bxe6+ Nxe6 23. Nxd5 {[#]} Nd4 $1 {[%cal Rd4f3][%mdl 512]} 24. exd4 Qxd4+ {[%mdl 64] Double Attack} 25. Ne3 {Strongly threatening Qc3.} Rf3 26. Rad1 Rexe3 27. Rxe3 Rxe3 28. Nf2 Qxd2 29. Rxd2 {[%mdl 4096] Endgame KRB-KRN} Kg7 30. Nd3 Kg6 31. Kf2 Re4 32. Kf3 Re8 33. Nf2 h5 34. Ne4 $2 (34. h3 $17 {was called for.}) 34... g4+ 35. Ke3 {[#]} Bc5+ $1 36. Kf4 $2 (36. Kd3 Rd8+ 37. Ke2 Rxd2+ 38. Nxd2) 36... Bf8 {( -> ...Bh6+)} 37. h4 Bh6+ 38. Ng5 Bg7 {Accuracy: White = 29%, Black = 87%.} 0-1

[Event "V Sunway Sitges Open 2018"]
[Site "Sitges"]
[Date "2018.12.18"]
[Round "5"]
[White "Sadhwani, Raunak"]
[Black "Xu, Xiangyu"]
[Result "1-0"]
[WhiteElo "2434"]
[BlackElo "2565"]
[Annotator "TA"]
[PlyCount "132"]
[EventDate "2018.12.14"]
[EventType "swiss"]
[EventCountry "ESP"]
[SourceTitle "playchess.com"]
[Source "ChessBase"]
[SourceQuality "1"]

{[%evp 20,132,12,0,38,46,81,77,137,143,150,146,296,273,339,268,240,252,244,256,254,214,306,306,483,68,76,68,168,176,216,172,180,165,263,135,156,150,149,131,142,46,65,31,50,42,40,41,38,22,43,61,77,47,156,162,164,143,118,67,161,140,131,124,121,0,0,-8,42,9,252,265,268,258,266,254,254,250,313,314,276,229,391,393,400,378,499,261,489,500,495,463,398,395,751,791,729,445,385,0,612,664,1066,1060,976,947,1312,1257,1990,1938,2133,1861,29970,8824,5073]} 1. e4 c5 2. Nf3 Nc6 3. d4 cxd4 4. Nxd4 Nf6 5. Nc3 d6 6. Bg5 e6 7. Qd2 a6 8. O-O-O Be7 9. f4 Bd7 10. Kb1 h6 {B68: Sicilian: Richter-Rauzer: 7...a6 8 0-0-0 Bd7 9 f4 Be7} (10... b5 11. Bxf6 Bxf6 12. Nxc6 Bxc6 13. Qxd6 Qxd6 14. Rxd6 Rc8 15. a4 Bxc3 16. bxc3 Bxe4 17. Rxa6 Rxc3 18. Bxb5+ {½-½ (26) Yu,Y (2705)-Salem,A (2586) Doha 2014}) 11. Bh4 {LiveBook: 8 Games} O-O 12. Nf3 Qa5 {[#]White is slightly better.} 13. g4 $1 {[%mdl 512] [#]} Nxg4 $146 (13... Rad8 $142) ({Predecessor:} 13... b5 14. Bxf6 gxf6 15. Bd3 Rfc8 16. h4 Nb4 17. a3 Nxd3 18. cxd3 {0-1 (45) Riemersma,L (2380)-Arnason,J (2535) Belgrade 1988}) 14. Bxe7 $16 Nxe7 15. Qxd6 Rfe8 (15... Ng6 $16 {was necessary.}) 16. Rg1 $1 $18 ({Not} 16. Qxd7 Rad8 $16) 16... Nf6 17. Qe5 Qb6 18. Rxd7 ({Resist} 18. Qxf6 $6 Qxg1 19. Nxg1 gxf6) 18... Ng6 19. Rxg6 $1 fxg6 20. Rd6 Qf2 (20... Qe3 {might work better.}) 21. Be2 Rad8 (21... Kh8 $142 22. Rxe6 Rac8) 22. Qd4 $2 (22. Rxd8 $18 Rxd8 23. Qxe6+ Kh8 24. a3) 22... Qxd4 $14 23. Rxd4 {Threatens to win with Bc4.} Rxd4 (23... Nh5 $1 $14) 24. Nxd4 $18 e5 25. fxe5 Rxe5 26. Nf3 $1 {[%cal Rf3e5]} Re8 (26... Rh5 $142 27. h4 Ng4) 27. e5 (27. Bc4+ $18 Kh7 28. e5) 27... Ng4 $16 28. Bc4+ Kf8 29. e6 Ke7 30. h3 ({Better is} 30. a4 $16) 30... Rf8 $1 $14 31. Nd4 Ne3 32. Bd3 Rf4 33. Nce2 Rf1+ 34. Nc1 Rf4 35. c3 g5 36. a4 {[%cal Ba2a4,Ba4a5][%mdl 32]} h5 ({Black should try} 36... g4 $14 37. hxg4 Rxg4) 37. Nce2 $16 Rf1+ 38. Ka2 h4 39. a5 g4 40. hxg4 h3 41. Be4 h2 42. Ng3 ({Only move:} 42. Bxb7 $16 g5 43. b4) 42... Rg1 $11 43. Nh1 Kd6 44. Bxb7 Nd5 $2 {[#]} (44... g6 $1 $11) 45. Bxd5 $1 $18 {[%mdl 64] Overworked Piece} Kxd5 {[#]} 46. e7 $1 {[%cal Re7e8]} Re1 47. Nf3 $1 {[%csl LRe1,LRh2][%mdl 64] Double Attack} Rxe7 {aiming for ...Re2.} 48. Nxh2 Ke4 49. Ng3+ Kf4 50. Ngf1 Re2 $2 (50... Rc7 {keeps fighting.} 51. Nd2 Rc5) 51. Ka3 Rf2 52. b3 Ke4 53. Kb4 (53. c4 $142) 53... Kd3 $2 (53... Ra2 {is a better defense.} 54. c4 Kf4) 54. c4 Rf8 55. Ng3 g6 56. g5 Rb8+ $2 (56... Rf2 57. Ng4 Rg2) 57. Ka4 Ke3 58. Nhf1+ Kd3 59. Nh2 Ke3 60. Ngf1+ Ke2 61. b4 Kd3 62. Kb3 Rf8 63. b5 axb5 64. cxb5 Kd4 65. Kb4 Rf2 {[#]} 66. Nd2 $1 Kd5 {Accuracy: White = 74%, Black = 33%.} (66... Rxd2 67. Nf3+) 1-0

[Event "V Sunway Sitges Open 2018"]
[Site "Sitges"]
[Date "2018.12.18"]
[Round "5"]
[White "Seyb, Alexander"]
[Black "Kelires, Andreas"]
[Result "0-1"]
[WhiteElo "2419"]
[BlackElo "2535"]
[Annotator "ChessBase"]
[PlyCount "82"]
[EventDate "2018.12.14"]
[EventType "swiss"]
[EventCountry "ESP"]
[SourceTitle "playchess.com"]
[Source "ChessBase"]
[SourceQuality "1"]
[TimeControl "40/5400+30:1800+30"]

1. e4 {[%emt 0:00:00]} c5 {[%emt 0:00:00]} 2. Nf3 {[%emt 0:00:00]} d6 {[%emt 0:00:00]} 3. d4 {[%emt 0:00:00]} cxd4 {[%emt 0:00:00]} 4. Nxd4 {[%emt 0:00:00]} Nf6 {[%emt 0:00:00]} 5. Nc3 {[%emt 0:00:00]} a6 {[%emt 0:00:00]} 6. Be2 {[%emt 0:00:01]} e5 {[%emt 0:00:02]} 7. Nb3 {[%emt 0:00:06]} Be7 {[%emt 0:00:18]} 8. Be3 {[%emt 0:00:06]} Be6 {[%emt 0:00:26]} 9. Qd3 {[%emt 0:00:07]} Nbd7 {[%emt 0:01:19]} 10. Nd5 {[%emt 0:00:16]} Bxd5 {[%emt 0:00:16]} 11. exd5 {[%emt 0:00:04]} O-O {[%emt 0:05:52]} 12. g4 {[%emt 0:00:21]} Nb6 {[%emt 0:12:40]} 13. c4 {[%emt 0:15:59]} Na4 {[%emt 0:07:29]} 14. O-O-O {[%emt 0:08:17]} Nd7 {[%emt 0:11:09]} 15. h4 {[%emt 0:08:11]} Rc8 {[%emt 0:08:53]} 16. Kb1 {[%emt 0:02:34]} e4 {[%emt 0:22:40]} 17. Qxe4 {[%emt 0:26:53]} Bf6 {[%emt 0:02:42]} 18. Nd4 {[%emt 0:00:09]} g6 {[%emt 0:06:44]} 19. g5 {[%emt 0:02:31]} Bg7 {[%emt 0:00:08]} 20. h5 {[%emt 0:07:06]} Re8 {[%emt 0:01:05]} 21. Qc2 {[%emt 0:00:31]} Nab6 {[%emt 0:00:16]} 22. hxg6 {[%emt 0:00:27]} hxg6 {[%emt 0:00:04]} 23. Qb3 {[%emt 0:03:02]} Nc5 {[%emt 0:02:12]} 24. Qb4 {[%emt 0:01:49]} Nbd7 {[%emt 0:02:11]} 25. Bg4 {[%emt 0:07:27]} Rc7 {[%emt 0:03:46]} 26. Bxd7 {[%emt 0:00:10]} Qxd7 {[%emt 0:02:38]} 27. Rh4 {[%emt 0:00:02]} Qc8 {[%emt 0:05:16]} 28. Qd2 {[%emt 0:10:06]} Re4 {[%emt 0:03:40]} 29. Rdh1 {[%emt 0:01:39]} Rxh4 {[%emt 0:00:10]} 30. Rxh4 {[%emt 0:00:01]} Re7 {[%emt 0:00:59]} 31. f3 {[%emt 0:03:27]} Nd7 {[%emt 0:00:29]} 32. b3 {[%emt 0:00:54]} Ne5 {[%emt 0:00:58]} 33. f4 {[%emt 0:00:24]} Ng4 {[%emt 0:00:39]} 34. Bg1 {[%emt 0:00:14]} Re4 {[%emt 0:00:26]} 35. Rh3 {[%emt 0:03:45]} Nf2 {[%emt 0:01:07]} 36. Rh2 {[%emt 0:00:48]} Rxd4 {[%emt 0:00:12]} 37. Qxf2 {[%emt 0:00:01]} Qf5+ {[%emt 0:00:08]} 38. Kc1 {[%emt 0:00:08]} Rxf4 {[%emt 0:00:09]} 39. Qe3 {[%emt 0:00:39]} Re4 {[%emt 0:01:26]} 40. Qb6 {[%emt 0:00:00]} Qxg5+ {[%emt 0:00:00]} 41. Kc2 {[%emt 0:02:24]} Re1 {[%emt 0:02:30]} 0-1

[Event "V Sunway Sitges Open 2018"]
[Site "Sitges"]
[Date "2018.12.18"]
[Round "5"]
[White "Di Nicolantonio, Lucas"]
[Black "Harutyunian, Tigran K."]
[Result "0-1"]
[WhiteElo "2389"]
[BlackElo "2528"]
[Annotator "TA"]
[PlyCount "50"]
[EventDate "2018.12.14"]
[EventType "swiss"]
[EventCountry "ESP"]
[SourceTitle "playchess.com"]
[Source "ChessBase"]
[SourceQuality "1"]

{[%evp 10,50,0,-7,14,13,32,25,26,22,10,10,9,8,11,16,37,40,35,19,27,18,41,0,21,0,0,-6,-4,-33,-12,-19,-23,-39,-30,-158,-143,-174,-174,-941,-939,-915,-902]} 1. e4 e5 2. Nf3 Nc6 3. d4 exd4 4. Nxd4 Bc5 5. Nb3 Bb6 6. Nc3 {LiveBook: 745 Games} a5 {C45: Scotch Game} (6... Nf6 {seems wilder.} 7. Bd3 O-O 8. O-O Re8 9. Bg5 h6) (6... Nf6 7. Qe2 O-O 8. Bg5 Nd4 9. Qd2 Nxb3 10. axb3 h6 11. Be3 Bxe3 12. Qxe3 d5 13. O-O-O c6 14. exd5 cxd5 {1-0 (40) Amin,B (2686)-Safarli,E (2676) Hoogeveen 2018}) 7. Nd5 {Threatening Bf4.} Nf6 $146 ({Predecessor:} 7... Ba7 8. a4 Nf6 9. Qf3 Nxd5 10. exd5 Nb4 11. Bd3 Nxd3+ 12. Qxd3 O-O 13. O-O d6 14. Be3 Bxe3 15. Qxe3 {0-1 (26) Amal,F (1399)-Hareb Nasser,H (1758) Al Ain 2018}) 8. Nxb6 cxb6 {White has an edge.} 9. Bd3 O-O 10. O-O d5 11. exd5 Qxd5 12. Be3 a4 13. Nd4 Ne5 14. Be2 Nc4 15. Bc1 Qc5 16. c3 Re8 {[%cal Bf8e8,Be8e6,Be6e2][%mdl 32]} 17. Qd3 Bg4 18. f3 Be6 19. Kh1 (19. Qd1 {with more complications.} b5 20. a3 Bd7 21. Bd3 Nd5 22. Re1) 19... Ne5 20. Nxe6 Rxe6 21. Qb5 Qc8 {White must now prevent ...Ra5.} 22. Bd1 (22. f4 $1 $11 Ra5 23. Qb4) 22... Ra5 $1 $36 {[%cal Ra5b5][%mdl 2048] Black is on the roll.} 23. Qe2 Neg4 $1 24. Qc2 $2 {[#]} (24. fxg4 Rxe2 25. Bxe2) 24... Qc4 $1 $19 {[%cal Rc4f1]} 25. Rg1 {[#]} Re2 $1 {[%mdl 512] Accuracy: White = 42%, Black = 65%.} 0-1

[Event "V Sunway Sitges Open 2018"]
[Site "Sitges"]
[Date "2018.12.18"]
[Round "5"]
[White "Roy, Prantik"]
[Black "Ivanchuk, Vassily"]
[Result "0-1"]
[WhiteElo "2382"]
[BlackElo "2717"]
[Annotator "TA"]
[PlyCount "78"]
[EventDate "2018.12.14"]
[EventType "swiss"]
[EventCountry "ESP"]
[SourceTitle "playchess.com"]
[Source "ChessBase"]
[SourceQuality "1"]

{[%evp 13,78,27,22,8,18,0,0,0,0,0,0,0,0,0,0,0,14,17,11,-6,8,-15,-10,-25,-22,-17,-17,-17,-17,-19,-18,-45,-39,-39,-39,-39,-39,-39,-39,-39,-43,-36,-48,-36,-33,-39,-37,-87,-89,-80,-87,-82,-79,-123,-120,-131,-92,-729,-578,-591,-585,-29984,-29984,-29992,-29993,-29993,-29994]} 1. d4 d5 2. Nf3 c6 3. Bf4 Qb6 4. Qc1 Bg4 5. Nbd2 {[%cal Bb1d2,Bd2f3,Bf3e5][%mdl 32]} Nd7 6. e3 {D02: 1 d4 d5 2 Nf3 sidelines, including 2...Nf6 3 g3 and 2...Nf6 3 Bf4} e6 (6... Ngf6 7. c4 g6 8. Be2 Bg7 9. h3 Bf5 10. O-O h6 11. Ne5 O-O 12. Bf3 g5 {0-1 (24) Romanov,E (2627)-Shirov,A (2705) Warsaw 2011}) 7. Bd3 Ngf6 {LiveBook: 3 Games} 8. O-O {The position is equal.} Nh5 9. h3 Bxf3 10. Nxf3 Nxf4 11. exf4 g6 $146 ({Predecessor:} 11... Bd6 12. c3 O-O 13. Re1 c5 14. Qc2 g6 15. g3 cxd4 16. Nxd4 Bc5 17. Bxg6 hxg6 18. Rxe6 Qd8 19. Rxg6+ {½-½ (19) Norman,N (2077)-De Melo,G (2060) LSS email 2008}) 12. c3 Bg7 13. Ne5 Rd8 14. a4 {[%cal Ba2a4,Ba4a5][%mdl 32]} O-O 15. a5 Qc7 16. b4 f6 17. Nxd7 (17. Ng4 {looks sharper.} Rfe8 18. h4 e5 19. fxe5 fxe5 20. h5) 17... Rxd7 18. Re1 e5 19. fxe5 fxe5 20. dxe5 Bxe5 21. Ra2 Rdf7 22. Rae2 Bh2+ 23. Kh1 Rxf2 24. Rxf2 Rxf2 25. Re8+ Kf7 {[#] Hoping for ...Qg3.} 26. Qe3 {Intending Qe6+ and mate.} Rf6 $1 $40 {[%mdl 128] Black is up to no good.} 27. Rh8 Kg7 $1 {[%cal Rg7h8]} 28. Re8 {Black must now prevent Re7+.} Bd6 29. Qxa7 Qf7 30. Re1 Bg3 31. Rd1 Bf2 32. Qb8 Qe7 33. a6 bxa6 34. Bxa6 Kh6 35. b5 $2 {[%mdl 8192]} (35. Rf1 $17) 35... Qe2 36. Rb1 Be3 {( -> ...Rf1+)} 37. b6 Qxa6 {Black mates.} 38. b7 Rf1+ {[%mdl 64] [#] Double Attack} 39. Kh2 Bg1+ {Accuracy: White = 47%, Black = 81%.} 0-1

[Event "V Sunway Sitges Open 2018"]
[Site "Sitges"]
[Date "2018.12.18"]
[Round "5"]
[White "Gual Pascual, Antonio"]
[Black "Kadric, Denis"]
[Result "1-0"]
[WhiteElo "2357"]
[BlackElo "2554"]
[Annotator "ChessBase"]
[PlyCount "69"]
[EventDate "2018.12.14"]
[EventType "swiss"]
[EventCountry "ESP"]
[SourceTitle "playchess.com"]
[Source "ChessBase"]
[SourceQuality "1"]
[TimeControl "40/5400+30:1800+30"]

1. d4 {[%emt 0:00:00]} d6 {[%emt 0:00:50]} 2. e4 {[%emt 0:00:08]} g6 {[%emt 0:00:03]} 3. Nc3 {[%emt 0:01:08]} a6 {[%emt 0:00:26]} 4. Be3 {[%emt 0:01:16]} Bg7 {[%emt 0:00:09]} 5. Qd2 {[%emt 0:00:18]} Nd7 {[%emt 0:00:35]} 6. O-O-O {[%emt 0:00:38]} b5 {[%emt 0:00:02]} 7. h4 {[%emt 0:00:15]} h5 {[%emt 0:00:08]} 8. Nh3 {[%emt 0:00:29]} Ngf6 {[%emt 0:02:31]} 9. f3 {[%emt 0:00:52]} Bb7 {[%emt 0:00:02]} 10. Ng5 {[%emt 0:00:14]} e6 {[%emt 0:00:02]} 11. Qf2 {[%emt 0:03:49]} Qe7 {[%emt 0:00:41]} 12. Be2 {[%emt 0:04:07]} Rc8 {[%emt 0:05:05]} 13. d5 {[%emt 0:22:02]} e5 {[%emt 0:13:00]} 14. g4 {[%emt 0:09:25]} b4 {[%emt 0:04:36]} 15. Nb1 {[%emt 0:00:52]} c6 {[%emt 0:01:29]} 16. gxh5 {[%emt 0:07:53]} Nxh5 {[%emt 0:00:36]} 17. dxc6 {[%emt 0:06:43]} Rxc6 {[%emt 0:00:05]} 18. Nd2 {[%emt 0:00:11]} O-O {[%emt 0:04:53]} 19. Bc4 {[%emt 0:00:16]} Ndf6 {[%emt 0:00:22]} 20. Kb1 {[%emt 0:00:33]} Nf4 {[%emt 0:04:38]} 21. Bb3 {[%emt 0:01:54]} Rc7 {[%emt 0:09:30]} 22. Bb6 {[%emt 0:06:37]} Rcc8 {[%emt 0:00:05]} 23. Ba5 {[%emt 0:00:37]} Rb8 {[%emt 0:46:01]} 24. Bxb4 {[%emt 0:11:03]} Bxe4 {[%emt 0:00:09]} 25. Ba3 {[%emt 0:00:36]} Bd5 {[%emt 0:02:41]} 26. Nde4 {[%emt 0:00:22]} Nxe4 {[%emt 0:03:21]} 27. Nxe4 {[%emt 0:00:28]} Bxe4 {[%emt 0:00:37]} 28. Bxd6 {[%emt 0:07:29]} Qf6 {[%emt 0:00:44]} 29. fxe4 {[%emt 0:01:26]} Rxb3 {[%emt 0:00:02]} 30. axb3 {[%emt 0:00:34]} Rc8 {[%emt 0:00:02]} 31. Bb4 {[%emt 0:00:59]} Qc6 {[%emt 0:00:34]} 32. Rhe1 {[%emt 0:01:25]} Qb5 {[%emt 0:00:02]} 33. Bc3 {[%emt 0:00:36]} a5 {[%emt 0:00:06]} 34. Qa7 {[%emt 0:00:29]} Ne2 {[%emt 0:00:53]} 35. Rd5 {[%emt 0:00:55]} 1-0

[Event "V Sunway Sitges Open 2018"]
[Site "Sitges"]
[Date "2018.12.18"]
[Round "5"]
[White "Pogorelov, Ruslan"]
[Black "Gordievsky, Dmitry"]
[Result "1/2-1/2"]
[WhiteElo "2354"]
[BlackElo "2614"]
[Annotator "TA"]
[PlyCount "98"]
[EventDate "2018.12.14"]
[EventType "swiss"]
[EventCountry "ESP"]
[SourceTitle "playchess.com"]
[Source "ChessBase"]
[SourceQuality "1"]

{[%evp 19,98,50,70,76,78,64,80,67,80,80,106,63,143,147,131,122,139,127,188,178,177,124,138,98,91,60,147,62,64,59,54,57,77,74,79,76,71,7,35,32,68,8,13,3,13,0,9,-42,-45,-36,-61,-54,-43,-56,-47,-40,-43,-57,-40,-102,-64,-98,-70,-62,0,-68,-50,-39,-19,-27,0,-42,-14,-8,-8,-9,-8,-2,0,-20,0]} 1. Nf3 d6 2. d4 f5 3. g3 Nf6 4. Bg2 g6 5. c4 Bg7 6. b4 O-O 7. Bb2 c6 {A87: Dutch Defence: Leningrad System: 5 Nf3} 8. O-O Na6 (8... Kh8 9. Nbd2 Be6 10. Qc2 Nbd7 11. Rfe1 Bg8 12. a4 a6 13. a5 d5 14. Ne5 Ne4 15. cxd5 cxd5 {1-0 (35) Aleksandrov,A (2574)-Lu,S (2627) Doha 2016}) 9. Qb3 Nc7 10. a4 h6 {LiveBook: 3 Games} 11. Nbd2 Be6 $146 ({Predecessor:} 11... Qe8 12. e3 Qf7 13. Ne1 Be6 14. Rc1 a6 15. Nd3 {1-0 (41) Knudsen,J (2480)-Canal Oliveras,J (2323) ICCF email 2002}) 12. b5 Qd7 13. Ne1 g5 14. Nd3 Rab8 15. Qc2 f4 (15... Rfc8 $14) 16. gxf4 $16 Bh3 17. fxg5 hxg5 18. f3 Bf5 (18... Nh5 $16 {keeps fighting.}) 19. e4 $18 Bh7 20. Qb3 (20. Nb3 $18) 20... Nh5 $16 21. d5 Bxb2 22. Qxb2 e5 ({Better is} 22... cxd5 $1 $14 23. cxd5 Nxd5) 23. c5 (23. Kh1 $16) 23... cxd5 $14 24. cxd6 Qxd6 25. Nxe5 Nf4 26. Ng4 d4 27. Kh1 Nce6 28. Qb3 (28. Nc4 $16 Qd8 29. Nce5) 28... Kg7 29. Nc4 Qc7 30. Nce5 (30. Rfc1 $14) 30... Rbc8 $11 31. Rfd1 Bg6 32. Bf1 Bh5 33. Qb4 (33. a5 $11) 33... Bxg4 $15 34. Nxg4 Qc3 35. Qxc3 Rxc3 36. Ne5 Rfc8 {[%mdl 1024] Black has compensation.} 37. a5 R3c5 38. Nd7 Rc2 {[#] And now ...Rh8 would win.} 39. a6 (39. Ne5 $1 $15) 39... b6 {aiming for ...Rh8.} 40. Ne5 Rh8 41. Ng4 Rhc8 42. Ne5 $1 Kf6 43. Ng4+ Ke7 44. Ne5 $1 Rh8 45. Ng4 (45. h3 $5) 45... Rd8 46. Ne5 $1 {[%cal Re5c6] The position is equal.} Kf6 47. Ng4+ Kg7 48. Ne5 $1 Rh8 49. Ng4 Rhc8 {Accuracy: White = 44%, Black = 38%.} 1/2-1/2

[Event "V Sunway Sitges Open 2018"]
[Site "Sitges"]
[Date "2018.12.18"]
[Round "5"]
[White "Sarkar, Justin"]
[Black "Sosa, Tomas"]
[Result "0-1"]
[WhiteElo "2332"]
[BlackElo "2488"]
[Annotator "ChessBase"]
[PlyCount "100"]
[EventDate "2018.12.14"]
[EventType "swiss"]
[EventCountry "ESP"]
[SourceTitle "playchess.com"]
[Source "ChessBase"]
[SourceQuality "1"]
[TimeControl "40/5400+30:1800+30"]

1. d4 {[%emt 0:00:00]} Nf6 {[%emt 0:11:52]} 2. c4 {[%emt 0:00:00]} d6 {[%emt 0:00:05]} 3. Nc3 {[%emt 0:00:06]} Bf5 {[%emt 0:00:05]} 4. Qb3 {[%emt 0:00:40]} Qc8 {[%emt 0:00:52]} 5. g3 {[%emt 0:00:51]} c6 {[%emt 0:05:54]} 6. Bg2 {[%emt 0:00:51]} e5 {[%emt 0:02:32]} 7. Nf3 {[%emt 0:00:44]} Nbd7 {[%emt 0:05:05]} 8. O-O {[%emt 0:01:46]} Be7 {[%emt 0:00:36]} 9. Nh4 {[%emt 0:16:17]} Bg4 {[%emt 0:03:59]} 10. d5 {[%emt 0:00:18]} O-O {[%emt 0:05:51]} 11. e4 {[%emt 0:17:05]} Nc5 {[%emt 0:10:15]} 12. Qc2 {[%emt 0:03:05]} cxd5 {[%emt 0:00:11]} 13. cxd5 {[%emt 0:00:21]} g6 {[%emt 0:00:13]} 14. Bh6 {[%emt 0:02:09]} Re8 {[%emt 0:01:10]} 15. b4 {[%emt 0:07:09]} Na6 {[%emt 0:02:06]} 16. Qb3 {[%emt 0:00:33]} Bh3 {[%emt 0:08:02]} 17. Nf3 {[%emt 0:05:13]} Qg4 {[%emt 0:01:42]} 18. Rfe1 {[%emt 0:05:52]} Qh5 {[%emt 0:01:15]} 19. Bg5 {[%emt 0:01:11]} Nc7 {[%emt 0:04:13]} 20. Bxh3 {[%emt 0:03:41]} Qxh3 {[%emt 0:00:12]} 21. Bxf6 {[%emt 0:00:12]} Bxf6 {[%emt 0:00:07]} 22. b5 {[%emt 0:00:10]} Rec8 {[%emt 0:02:50]} 23. a4 {[%emt 0:02:28]} Ne8 {[%emt 0:00:40]} 24. a5 {[%emt 0:00:41]} Bd8 {[%emt 0:00:50]} 25. a6 {[%emt 0:04:18]} Rab8 {[%emt 0:00:30]} 26. axb7 {[%emt 0:00:47]} Rxb7 {[%emt 0:00:07]} 27. Ra6 {[%emt 0:00:08]} Bb6 {[%emt 0:00:22]} 28. Na4 {[%emt 0:01:09]} Nf6 {[%emt 0:13:16]} 29. Nxb6 {[%emt 0:00:39]} axb6 {[%emt 0:00:05]} 30. Nd2 {[%emt 0:12:35]} Ng4 {[%emt 0:03:39]} 31. Nf1 {[%emt 0:00:22]} Rbc7 {[%emt 0:00:34]} 32. Ra2 {[%emt 0:03:49]} Rc3 {[%emt 0:05:58]} 33. Qb4 {[%emt 0:02:19]} Rc2 {[%emt 0:02:58]} 34. Qb3 {[%emt 0:01:04]} R2c3 {[%emt 0:01:05]} 35. Qb4 {[%emt 0:00:20]} Rc2 {[%emt 0:01:37]} 36. Qa3 {[%emt 0:02:41]} Kg7 {[%emt 0:02:03]} 37. Qa4 {[%emt 0:05:53]} R2c4 {[%emt 0:00:37]} 38. Qa3 {[%emt 0:00:36]} Rc2 {[%emt 0:03:53]} 39. Qa4 {[%emt 0:00:18]} R2c4 {[%emt 0:01:32]} 40. Qa3 {[%emt 0:00:00]} R8c5 {[%emt 0:00:00]} 41. Rae2 {[%emt 0:08:10]} Rc2 {[%emt 0:02:24]} 42. Qd3 {[%emt 0:16:24]} R2c3 {[%emt 0:00:46]} 43. Qb1 {[%emt 0:00:47]} h5 {[%emt 0:00:09]} 44. Rb2 {[%emt 0:00:29]} h4 {[%emt 0:07:39]} 45. Rb3 {[%emt 0:00:37]} Nxh2 {[%emt 0:02:53]} 46. Rxc3 {[%emt 0:05:43]} Rxc3 {[%emt 0:00:07]} 47. Nxh2 {[%emt 0:00:05]} hxg3 {[%emt 0:00:05]} 48. Nf1 {[%emt 0:00:06]} gxf2+ {[%emt 0:00:15]} 49. Kxf2 {[%emt 0:00:03]} Qf3+ {[%emt 0:00:35]} 50. Kg1 {[%emt 0:00:03]} Qg4+ {[%emt 0:00:06]} 0-1

[Event "V Sunway Sitges Open 2018"]
[Site "Sitges"]
[Date "2018.12.18"]
[Round "5"]
[White "Priyanka Nutakki"]
[Black "Pogonina, Natalija"]
[Result "0-1"]
[WhiteElo "2293"]
[BlackElo "2465"]
[Annotator "ChessBase"]
[PlyCount "72"]
[EventDate "2018.12.14"]
[EventType "swiss"]
[EventCountry "ESP"]
[SourceTitle "playchess.com"]
[Source "ChessBase"]
[SourceQuality "1"]
[TimeControl "40/5400+30:1800+30"]

1. c4 {[%emt 0:02:01]} e5 {[%emt 0:03:40]} 2. Nc3 c5 {[%emt 0:02:33]} 3. Nf3 {[%emt 0:01:04]} Nc6 {[%emt 0:00:12]} 4. e3 {[%emt 0:01:04]} Nf6 {[%emt 0:00:08]} 5. d4 {[%emt 0:01:13]} cxd4 {[%emt 0:00:16]} 6. exd4 {[%emt 0:00:15]} e4 {[%emt 0:00:24]} 7. Ne5 {[%emt 0:19:22]} Bb4 8. a3 {[%emt 0:09:30]} Ba5 {[%emt 0:21:23]} 9. b4 {[%emt 0:00:40]} Bc7 {[%emt 0:00:22]} 10. f4 O-O 11. Be2 {[%emt 0:03:56]} d6 {[%emt 0:16:06]} 12. Nxc6 {[%emt 0:00:24]} bxc6 13. O-O {[%emt 0:03:55]} a5 {[%emt 0:08:20]} 14. Rb1 {[%emt 0:02:10]} axb4 {[%emt 0:01:49]} 15. axb4 {[%emt 0:00:11]} Bd7 {[%emt 0:02:40]} 16. Be3 {[%emt 0:01:00]} Ra3 {[%emt 0:00:58]} 17. Qc1 {[%emt 0:13:32]} Qa8 18. Qc2 {[%emt 0:00:24]} d5 {[%emt 0:07:09]} 19. Bc1 {[%emt 0:03:03]} Ra7 {[%emt 0:00:24]} 20. c5 {[%emt 0:10:30]} Rb8 {[%emt 0:07:31]} 21. f5 {[%emt 0:02:31]} Rab7 22. Na2 {[%emt 0:04:47]} Ra7 {[%emt 0:08:17]} 23. Nc3 {[%emt 0:01:03]} Rab7 {[%emt 0:02:31]} 24. Na2 {[%emt 0:00:22]} Ra7 {[%emt 0:00:04]} 25. Rb2 {[%emt 0:00:52]} h6 26. Bd2 {[%emt 0:06:46]} e3 {[%emt 0:03:02]} 27. Bxe3 {[%emt 0:02:06]} Re8 {[%emt 0:00:10]} 28. Bf2 Ne4 29. Bg4 {[%emt 0:09:37]} Bf4 {[%emt 0:06:17]} 30. Re1 Nxf2 {[%emt 0:00:56]} 31. Kxf2 {[%emt 0:02:01]} Rxe1 {[%emt 0:00:41]} 32. Kxe1 Bxh2 {[%emt 0:03:51]} 33. Nc1 {[%emt 0:00:17]} Qd8 34. Kf1 {[%emt 0:01:22]} Qh4 {[%emt 0:03:07]} 35. Qe2 {[%emt 0:00:34]} Ra1 {[%emt 0:01:08]} 36. Rc2 {[%emt 0:00:19]} Bf4 {[%emt 0:01:02]} 0-1